[Event "Reunion op 19th"]
[Site "St Denis"]
[Date "2017.10.20"]
[Round "6"]
[White "Testud, Philippe"]
[Black "Lorans, Sylvain"]
[Result "0-1"]
[WhiteElo "2167"]
[BlackElo "2167"]
[PlyCount "118"]
[EventDate "2017.10.16"]
[EventType "swiss"]
[EventRounds "7"]
[EventCountry "RUF"]
[SourceTitle "CBM 181 Extra"]
[Source "ChessBase"]
[SourceDate "2017.12.12"]
[SourceVersion "1"]
[SourceVersionDate "2017.12.12"]
[SourceQuality "1"]

1. d4 Nf6 2. c4 e6 3. Nf3 d5 4. Bg5 h6 5. Bh4 Bb4+ 6. Nc3 c5 7. e3 cxd4 8. exd4 Qa5 9. Bxf6 Bxc3+ 10. bxc3 Qxc3+ 11. Nd2 gxf6 12. cxd5 Qxd4 13. Bb5+ Bd7 14. Bxd7+ Nxd7 15. dxe6 Qe5+ 16. Kf1 fxe6 17. Nc4 Qb5 18. Qe2 Ke7 19. Ne3 Qxe2+ 20. Kxe2 Nc5 21. Rab1 Rhd8 22. Rb4 Rd7 23. Rh4 Rh8 24. Rh5 Nd3 25. Ra5 b6 26. Ra3 Rhd8 27. g3 Ne5 28. Rd1 Rxd1 29. Nxd1 Nc6 30. Rc3 Nd4+ 31. Ke3 e5 32. Nb2 Ne6 33. Nd3 Rd4 34. f4 exf4+ 35. Nxf4 Nxf4 36. gxf4 Ra4 37. a3 Ke6 38. h3 Kf5 39. Rb3 Re4+ 40. Kf3 Rxf4+ 41. Kg3 Ra4 42. Rf3+ Kg5 43. Rd3 h5 44. Rd5+ f5 45. Rd3 h4+ 46. Kf3 Rc4 47. Rb3 b5 48. Rxb5 Rc3+ 49. Kg2 Rg3+ 50. Kh2 Rxa3 51. Rb8 Ra2+ 52. Kg1 a5 53. Rg8+ Kf4 54. Rh8 Kg3 55. Ra8 Kxh3 56. Rf8 Rg2+ 57. Kh1 Rg5 58. Ra8 f4 59. Rf8 Kg3 0-1

[Event "Reunion op 19th"]
[Site "St Denis"]
[Date "2017.10.19"]
[Round "4"]
[White "Goorsahye, Antoine"]
[Black "Lorans, Sylvain"]
[Result "1/2-1/2"]
[WhiteElo "1750"]
[BlackElo "2167"]
[PlyCount "140"]
[EventDate "2017.10.16"]
[EventType "swiss"]
[EventRounds "7"]
[EventCountry "RUF"]
[SourceTitle "CBM 181 Extra"]
[Source "ChessBase"]
[SourceDate "2017.12.12"]
[SourceVersion "1"]
[SourceVersionDate "2017.12.12"]
[SourceQuality "1"]

1. Nf3 Nf6 2. c4 e6 3. g3 d5 4. Bg2 Be7 5. 0-0 0-0 6. b3 c5 7. cxd5 exd5 8. d4 Ne4 9. Bb2 Bf6 10. Nc3 Nc6 11. Nxe4 dxe4 12. Nd2 e3 13. fxe3 cxd4 14. Bxc6 bxc6 15. Ne4 Be7 16. Qxd4 f6 17. Rad1 Qb6 18. Qc4+ Kh8 19. Bd4 Qb5 20. Rc1 Bh3 21. Rfd1 Ba3 22. Qxb5 cxb5 23. Rc7 Rfd8 24. Nf2 Bf5 25. e4 Bg6 26. e5 fxe5 27. Bxe5 Rxd1+ 28. Nxd1 Bf8 29. Nc3 Re8 30. Bd4 b4 31. Nd1 Rxe2 32. Ne3 Kg8 33. Rc8 Kf7 34. Nc4 Bf5 35. Rc7+ Ke6 36. Rxa7 Kd5 37. Bb6 Bh3 38. Ne3+ Kc6 39. Bd4 Rd2 40. Ra6+ Kb7 41. Ra7+ Kc6 42. Ra6+ Kb7 43. Ra7+ Kb8 44. Bb6 Bd7 45. Nc4 Rd1+ 46. Kf2 Rd5 47. Ke3 Be7 48. Na5 Bd8 49. Rb7+ Kc8 50. Bxd8 Kxd8 51. Nc4 Rh5 52. h4 g5 53. Ne5 Be8 54. hxg5 Rxg5 55. Kf4 Rh5 56. Rxb4 Rh2 57. a4 Kc7 58. a5 Ra2 59. Nc4 Bc6 60. Rb6 Rf2+ 61. Kg4 Bd7+ 62. Kh4 Rh2+ 63. Kg5 Rg2 64. Kh6 Rxg3 65. a6 Rg1 66. a7 Ra1 67. Rf6 Rxa7 68. Ne5 Ra5 69. Nxd7 Kxd7 70. Kxh7 Rb5 1/2-1/2

[Event "Reunion op 19th"]
[Site "St Denis"]
[Date "2017.10.17"]
[Round "3"]
[White "Lorans, Sylvain"]
[Black "Triton, Maxime"]
[Result "1-0"]
[WhiteElo "2167"]
[BlackElo "1705"]
[PlyCount "51"]
[EventDate "2017.10.16"]
[EventType "swiss"]
[EventRounds "7"]
[EventCountry "RUF"]
[SourceTitle "CBM 181 Extra"]
[Source "ChessBase"]
[SourceDate "2017.12.12"]
[SourceVersion "1"]
[SourceVersionDate "2017.12.12"]
[SourceQuality "1"]

1. d4 Nf6 2. c4 g6 3. Nc3 Bg7 4. e4 d6 5. Be2 0-0 6. Be3 e5 7. d5 a5 8. g4 Na6 9. g5 Nd7 10. h4 Nac5 11. h5 Re8 12. Nf3 Nf8 13. Nh2 f5 14. gxf6 Qxf6 15. Ng4 Bxg4 16. Bxg4 Re7 17. Qd2 Qf7 18. 0-0-0 Nfd7 19. Rdg1 Rf8 20. hxg6 hxg6 21. f3 Nf6 22. Qh2 Nh5 23. Kb1 Nd3 24. Bg5 Ree8 25. Bxh5 gxh5 26. Bh6 1-0

[Event "Reunion op 18th"]
[Site "St Denis"]
[Date "2016.10.13"]
[Round "6"]
[White "Lorans, Sylvain"]
[Black "Testud, Philippe"]
[Result "1-0"]
[WhiteElo "2157"]
[BlackElo "2202"]
[PlyCount "47"]
[EventDate "2016.10.10"]
[EventType "swiss"]
[EventRounds "7"]
[EventCountry "RUF"]
[SourceTitle "CBM 175 Extra"]
[Source "ChessBase"]
[SourceDate "2016.12.12"]
[SourceVersion "1"]
[SourceVersionDate "2016.12.12"]
[SourceQuality "1"]

1. d4 Nf6 2. Nf3 e6 3. Bf4 c5 4. e3 b6 5. Bd3 Bb7 6. c3 cxd4 7. exd4 Be7 8. h3 0-0 9. 0-0 d6 10. Nbd2 Nbd7 11. a4 a6 12. Re1 Qc7 13. Rc1 Bc6 14. c4 Qb7 15. d5 Bxd5 16. cxd5 Nxd5 17. Bg5 Bxg5 18. Nxg5 Nf4 19. Bxh7+ Kh8 20. Be4 d5 21. Qg4 Nf6 22. Qxf4 dxe4 23. Qh4+ Kg8 24. Ndxe4 1-0

[Event "Reunion op 18th"]
[Site "St Denis"]
[Date "2016.10.11"]
[Round "4"]
[White "Lorans, Sylvain"]
[Black "Calmels, Nicolas"]
[Result "1-0"]
[WhiteElo "2157"]
[BlackElo "1863"]
[PlyCount "65"]
[EventDate "2016.10.10"]
[EventType "swiss"]
[EventRounds "7"]
[EventCountry "RUF"]
[SourceTitle "CBM 175 Extra"]
[Source "ChessBase"]
[SourceDate "2016.12.12"]
[SourceVersion "1"]
[SourceVersionDate "2016.12.12"]
[SourceQuality "1"]

1. d4 d5 2. Bf4 Nf6 3. e3 Bf5 4. c4 e6 5. Nc3 c6 6. Qb3 b6 7. Nf3 Bd6 8. Ne5 Nh5 9. c5 Nxf4 10. cxd6 f6 11. exf4 fxe5 12. fxe5 Qg5 13. g3 0-0 14. Bg2 Bd3 15. Nxd5 Rxf2 16. Kxf2 Qd2+ 17. Kg1 cxd5 18. h4 Be4 19. Bxe4 Qxd4+ 20. Kh2 Qxe4 21. Rae1 Qd4 22. Qc3 Qf2+ 23. Kh3 Qf5+ 24. Kg2 Na6 25. Rhf1 Qg6 26. Qc6 Rd8 27. Rf4 h5 28. b4 Qd3 29. Kh3 Nxb4 30. Qc7 Rf8 31. Rxf8+ Kxf8 32. d7 Qf5+ 33. Kg2 1-0

[Event "Reunion op 18th"]
[Site "St Denis"]
[Date "2016.10.11"]
[Round "2"]
[White "Lorans, Sylvain"]
[Black "Rajaobelina, Hery"]
[Result "1-0"]
[WhiteElo "2157"]
[BlackElo "1683"]
[PlyCount "77"]
[EventDate "2016.10.10"]
[EventType "swiss"]
[EventRounds "7"]
[EventCountry "RUF"]
[SourceTitle "CBM 175 Extra"]
[Source "ChessBase"]
[SourceDate "2016.12.12"]
[SourceVersion "1"]
[SourceVersionDate "2016.12.12"]
[SourceQuality "1"]

1. d4 Nf6 2. Nf3 g6 3. Bg5 Bg7 4. Nbd2 d5 5. e3 Nbd7 6. Bd3 c5 7. c3 Qb6 8. Rb1 e5 9. dxe5 Ng4 10. Qa4 Qe6 11. Bf4 0-0 12. 0-0 Ngxe5 13. Be2 a6 14. Qa3 b6 15. b4 Qe7 16. Rfd1 c4 17. Bg5 f6 18. Bf4 g5 19. Bg3 Ng4 20. Nf1 h5 21. Rxd5 Bb7 22. Rd4 b5 23. Bd6 Qe6 24. Bxf8 Rxf8 25. Rbd1 Nde5 26. Nxe5 fxe5 27. Bxg4 hxg4 28. Rd8 Qc6 29. Rxf8+ Bxf8 30. e4 Qxe4 31. Ne3 g3 32. hxg3 g4 33. Qb2 Bh6 34. Qc2 Qxc2 35. Nxc2 Be4 36. Ne3 Bxe3 37. fxe3 Bd3 38. e4 Kf7 39. Kf2 1-0

[Event "Reunion op 17th"]
[Site "St Denis"]
[Date "2015.10.10"]
[Round "1"]
[White "Hoareau, Noe"]
[Black "Lorans, Sylvain"]
[Result "0-1"]
[WhiteElo "1495"]
[BlackElo "2188"]
[PlyCount "64"]
[EventDate "2015.10.10"]
[EventType "swiss"]
[EventRounds "9"]
[EventCountry "RUF"]
[SourceTitle "CBM 168 Extra"]
[Source "ChessBase"]
[SourceDate "2015.10.29"]
[SourceVersion "1"]
[SourceVersionDate "2015.10.29"]
[SourceQuality "1"]

1. e4 c5 2. c3 d6 3. d4 Nd7 4. Nf3 Qc7 5. Bf4 e5 6. dxe5 dxe5 7. Bg3 Ngf6 8. Nbd2 Nh5 9. Bh4 Nf4 10. Nc4 Be7 11. Bxe7 Kxe7 12. Ne3 Nf6 13. Nd5+ N6xd5 14. exd5 Bg4 15. h3 Bh5 16. d6+ Qxd6 17. Qxd6+ Kxd6 18. 0-0-0+ Kc7 19. g4 e4 20. Ne5 Bg6 21. Bc4 Rae8 22. Rd7+ Kc8 23. Nxg6 Nxg6 24. Rxf7 Ne5 25. Rf5 g6 26. Rxe5 Rxe5 27. Re1 Rf8 28. f4 Rxf4 29. Bd3 e3 30. Kd1 Rf2 31. Re2 Rd5 32. Kc2 Rxe2+ 0-1

[Event "Reunion op 17th"]
[Site "St Denis"]
[Date "2015.10.10"]
[Round "2"]
[White "Lorans, Sylvain"]
[Black "Bah, Ismael"]
[Result "1-0"]
[WhiteElo "2188"]
[BlackElo "1754"]
[PlyCount "75"]
[EventDate "2015.10.10"]
[EventType "swiss"]
[EventRounds "9"]
[EventCountry "RUF"]
[SourceTitle "CBM 168 Extra"]
[Source "ChessBase"]
[SourceDate "2015.10.29"]
[SourceVersion "1"]
[SourceVersionDate "2015.10.29"]
[SourceQuality "1"]

1. d4 d5 2. c4 e6 3. Nc3 c6 4. e4 dxe4 5. Nxe4 Nf6 6. Nc3 Be7 7. Nf3 Qc7 8. Bd3 Nbd7 9. 0-0 0-0 10. Re1 Re8 11. Bg5 b6 12. Rc1 Bb7 13. Bb1 Ba6 14. b3 Rad8 15. Qc2 Nf8 16. Rcd1 Ng6 17. Ne5 Nd7 18. Bxe7 Rxe7 19. Nxg6 hxg6 20. d5 Nf8 21. dxe6 Rxe6 22. Ne4 Bc8 23. c5 Rxd1 24. Rxd1 Re5 25. cxb6 axb6 26. Qc3 Bf5 27. f3 Bxe4 28. Bxe4 Rc5 29. Qd4 Ne6 30. Qd6 Qc8 31. a4 Qf8 32. Bxc6 Qxd6 33. Rxd6 Rc1+ 34. Kf2 Rc2+ 35. Kg3 Rc3 36. Bd5 Rd3 37. Rd7 Kf8 38. Bxe6 1-0

[Event "Reunion op 17th"]
[Site "St Denis"]
[Date "2015.10.10"]
[Round "8"]
[White "Lorans, Sylvain"]
[Black "Payet, Jean Claude"]
[Result "1-0"]
[WhiteElo "2188"]
[BlackElo "1872"]
[PlyCount "55"]
[EventDate "2015.10.10"]
[EventType "swiss"]
[EventRounds "9"]
[EventCountry "RUF"]
[SourceTitle "CBM 168 Extra"]
[Source "ChessBase"]
[SourceDate "2015.10.29"]
[SourceVersion "1"]
[SourceVersionDate "2015.10.29"]
[SourceQuality "1"]

1. d4 Nf6 2. Nf3 g6 3. Bg5 Bg7 4. Nbd2 h6 5. Bf4 Nh5 6. Be5 Nc6 7. Bxg7 Nxg7 8. d5 Nb8 9. e4 d6 10. Nc4 e5 11. dxe6 Nxe6 12. Qd2 Nc6 13. Qc3 f6 14. 0-0-0 Qe7 15. Ne3 Qg7 16. Nd5 0-0 17. Bc4 Ne5 18. Bb3 Kh7 19. Nd2 Nc5 20. f4 Nxb3+ 21. Nxb3 Nc6 22. f5 g5 23. h4 g4 24. h5 Re8 25. Nxf6+ Kh8 26. Nxe8 Qxc3 27. bxc3 Bxf5 28. Nxc7 1-0

[Event "Reunion op 12th"]
[Site "St Denis"]
[Date "2010.10.16"]
[Round "9"]
[White "Lorans, Sylvain"]
[Black "Ratsimikatry, Caryl Patrick"]
[Result "1-0"]
[WhiteElo "2194"]
[BlackElo "1933"]
[PlyCount "121"]
[EventDate "2010.10.09"]
[EventType "swiss"]
[EventRounds "9"]
[EventCountry "RUF"]
[SourceTitle "CBM 138 Extra"]
[Source "ChessBase"]
[SourceDate "2010.10.29"]
[SourceVersion "1"]
[SourceVersionDate "2010.10.29"]
[SourceQuality "1"]

1. Nf3 Nf6 2. c4 c5 3. g3 g6 4. Bg2 Bg7 5. 0-0 0-0 6. Nc3 Nc6 7. d4 cxd4 8. Nxd4 Qb6 9. Nb3 d6 10. Be3 Qd8 11. h3 a6 12. Rc1 Bd7 13. Na4 Be6 14. Nb6 Rb8 15. c5 Nd7 16. cxd6 Bxb2 17. Nxd7 Qxd7 18. dxe7 Qxe7 19. Bc5 Qf6 20. Bxf8 Bxc1 21. Bxc6 Bxb3 22. Qd6 Qxd6 23. Bxd6 Rd8 24. Be7 Rd1 25. Bxb7 Rxf1+ 26. Kxf1 Bxa2 27. Bxa6 Bb2 28. Bd3 h5 29. Bc5 Be6 30. Kg2 Be5 31. e3 Bd5+ 32. f3 Be6 33. Bd4 Bg7 34. Bxg7 Kxg7 35. h4 Kf6 36. Kf2 Bd5 37. e4 Ba2 38. Ke3 Ke5 39. f4+ Kf6 40. Kd4 Be6 41. Bc4 Bg4 42. Bd5 Bh3 43. Bc4 Bg4 44. Bd3 Be6 45. Kc5 Bg4 46. Kd6 Be6 47. e5+ Kg7 48. Ke7 Ba2 49. Be2 Bb3 50. f5 gxf5 51. Bxh5 Bc4 52. Bd1 Ba2 53. Bc2 Be6 54. Bd3 Kh6 55. Kf6 Ba2 56. Bxf5 Kh5 57. Bd7 Bb3 58. Be8 Kg4 59. Bxf7 Bc2 60. e6 Kxg3 61. e7 1-0

[Event "Reunion op 12th"]
[Site "St Denis"]
[Date "2010.10.14"]
[Round "7"]
[White "Lorans, Sylvain"]
[Black "Ranaivoharisoa, Alain"]
[Result "1/2-1/2"]
[WhiteElo "2194"]
[BlackElo "2153"]
[PlyCount "22"]
[EventDate "2010.10.09"]
[EventType "swiss"]
[EventRounds "9"]
[EventCountry "RUF"]
[SourceTitle "CBM 138 Extra"]
[Source "ChessBase"]
[SourceDate "2010.10.29"]
[SourceVersion "1"]
[SourceVersionDate "2010.10.29"]
[SourceQuality "1"]

1. d4 Nf6 2. Nf3 d5 3. Bf4 Bf5 4. c4 c6 5. Qb3 Qb6 6. c5 Qxb3 7. axb3 Na6 8. e4 dxe4 9. Bxa6 bxa6 10. Ne5 Nd5 11. Bd2 Rc8 1/2-1/2

[Event "Reunion op 11th"]
[Site "St Denis"]
[Date "2009.10.14"]
[Round "5"]
[White "Mablouke, Ulrich"]
[Black "Lorans, Sylvain"]
[Result "0-1"]
[WhiteElo "1838"]
[BlackElo "2189"]
[PlyCount "30"]
[EventDate "2009.10.10"]
[EventType "swiss"]
[EventRounds "9"]
[EventCountry "RUF"]
[SourceTitle "CBM 132 Extra"]
[Source "ChessBase"]
[SourceDate "2009.11.03"]
[SourceVersion "1"]
[SourceVersionDate "2009.11.03"]
[SourceQuality "1"]

1. e4 c6 2. d4 d5 3. f3 dxe4 4. fxe4 e5 5. Nf3 Be6 6. Bd3 Nd7 7. Nc3 Ngf6 8. Bg5 Be7 9. h3 Qa5 10. Qd2 h6 11. Be3 Rd8 12. 0-0 exd4 13. Nxd4 Ne5 14. Nxe6 fxe6 15. a3 Nc4 0-1

[Event "Reunion op 11th"]
[Site "St Denis"]
[Date "2009.10.11"]
[Round "3"]
[White "Seegolam, Atmaram"]
[Black "Lorans, Sylvain"]
[Result "0-1"]
[WhiteElo "1879"]
[BlackElo "2189"]
[PlyCount "64"]
[EventDate "2009.10.10"]
[EventType "swiss"]
[EventRounds "9"]
[EventCountry "RUF"]
[SourceTitle "CBM 132 Extra"]
[Source "ChessBase"]
[SourceDate "2009.11.03"]
[SourceVersion "1"]
[SourceVersionDate "2009.11.03"]
[SourceQuality "1"]

1. c4 e5 2. d4 exd4 3. Qxd4 Nc6 4. Qe3+ Be7 5. a3 Nf6 6. Bd2 0-0 7. Bc3 d5 8. cxd5 Nxd5 9. Qc1 Nxc3 10. bxc3 Ne5 11. e3 Bf5 12. Nf3 Nd3+ 13. Bxd3 Qxd3 14. Qd2 Qa6 15. Qc1 Rad8 16. Nd4 Bd3 17. f3 c5 18. Nb3 Qe6 19. Kf2 Qxb3 20. Nd2 Qe6 21. Qb2 Bh4+ 22. g3 Bg5 23. f4 Rfe8 24. Rhe1 Bf6 25. e4 c4 26. e5 Be7 27. Ne4 Qc6 28. Nd6 Qc5+ 29. Kf3 Bxd6 30. exd6 Qh5+ 31. Kf2 Rxe1 32. Rxe1 Qxh2+ 0-1

[Event "Reunion op 10th"]
[Site "St Denis"]
[Date "2008.10.18"]
[Round "9"]
[White "Roblet, Charles"]
[Black "Lorans, Sylvain"]
[Result "0-1"]
[WhiteElo "2081"]
[BlackElo "2211"]
[PlyCount "84"]
[EventDate "2008.10.11"]
[EventType "swiss"]
[EventRounds "9"]
[EventCountry "RUF"]
[SourceTitle "EXT 2009"]
[Source "ChessBase"]
[SourceDate "2008.11.26"]
[SourceVersion "1"]
[SourceVersionDate "2008.11.26"]
[SourceQuality "1"]

1. e4 d5 2. exd5 Qxd5 3. Nc3 Qd6 4. d4 a6 5. Nf3 Nf6 6. Be2 Bf5 7. 0-0 Nc6 8. Be3 0-0-0 9. a3 e5 10. dxe5 Nxe5 11. Qxd6 Nxf3+ 12. Bxf3 Bxd6 13. Bg5 Bxc2 14. Rac1 Bb3 15. Ne4 Be5 16. Rfe1 Rhe8 17. Rc5 Nxe4 18. Rxe5 Rxe5 19. Bxd8 Kxd8 20. Rxe4 Rxe4 21. Bxe4 b6 22. f4 h6 23. Kf2 Ke7 24. Ke3 Kd6 25. g3 a5 26. Kd4 f6 27. Bd3 Bd1 28. Be4 Be2 29. Ke3 Bf1 30. Kd4 g5 31. Bf3 c5+ 32. Kc3 b5 33. b4 cxb4+ 34. axb4 a4 35. Be4 Bc4 36. h4 a3 37. Kc2 a2 38. Kb2 Ke6 39. Ka1 Bd5 40. Bd3 Bc6 41. hxg5 hxg5 42. Bf1 gxf4 0-1